| 000 | 01018nac a22002897a 4500 | ||
|---|---|---|---|
| 001 | BR9603944 | ||
| 003 | BR-BrBNA | ||
| 005 | 20240105121759.0 | ||
| 008 | 230509b bl.|||m| |||| 00| 0 por d | ||
| 040 |
_aBR-BrBNA _bpor _cBiblioteca Nacional de Agricultura |
||
| 072 | _aP11 | ||
| 090 | _aP11 BR9603944 | ||
| 100 | 1 | _aFerreira, P.A. | |
| 100 | 1 | _aSediyama, G.C. | |
| 100 | 1 | _aSouza, E.F. de | |
| 100 | 1 | _aSaiki, L.M. | |
| 110 | 1 |
_aAssociacao dos Engenheiros Agricolas de Minas Gerais, Vicosa (Brasil) _9584 |
|
| 245 | 1 | _aRelacao entre espacamentos e profundidades de drenos em funcao de caracteristicas pluviometricas, hidrodinamicas, geometricas e de cultura, em cinco regioes de Minas Gerais | |
| 260 | 3 |
_aVicosa, MG (Brasil): _c1993. |
|
| 300 | _a16 p. | ||
| 490 |
_aEngenharia na Agricultura. Serie Irrigacao e Drenagem (Brazil) _vv. 2(15) _x |
||
| 500 | _aSummaries (En, Pt) | ||
| 650 | _aSolo | ||
| 650 | _aDrenagem | ||
| 909 |
_a202312 _bLúcia Elande _c55 _dLúcia Elande |
||
| 942 |
_2AGRIS _n0 _cMS |
||
| 999 |
_c287405 _d287405 |
||